Top 50 Albums from 1977 - Statistics

General Stats
  • This quiz has been taken 16 times
  • The average score is 13 of 50
Answer Stats
Artist Album % Correct
#6: Fleetwood Mac Rumours
94%
#1: Pink Floyd Animals
81%
#4: David Bowie "Heroes"
75%
#2: David Bowie Low
75%
#8: The Clash The Clash
75%
#3: Television Marquee Moon
69%
#17: Steely Dan Aja
56%
#22: Sex Pistols Never Mind the Bollocks, Here's the Sex Pistols
50%
#11: Talking Heads Talking Heads: 77
50%
#13: Bob Marley & the Wailers Exodus
44%
#15: Iggy Pop Lust for Life
44%
#12: Ramones Rocket to Russia
44%
#18: John Williams / London Symphony Orchestra Star Wars
44%
#14: Suicide Suicide
44%
#16: Iggy Pop The Idiot
44%
#19: Elvis Costello My Aim Is True
38%
#7: Wire Pink Flag
38%
#5: Kraftwerk Trans Europa Express
38%
#21: Rush A Farewell to Kings
25%
#44: AC/DC Let There Be Rock
25%
#41: Billy Joel The Stranger
25%
#9: Brian Eno Before and After Science
19%
#26: Ramones Leave Home
19%
#27: Jethro Tull Songs from the Wood
19%
#49: The Stranglers Stranglers IV (Rattus Norvegicus)
19%
#25: Don Cherry Don Cherry
13%
#28: Heartbreakers L.A.M.F.
13%
#10: Fela Anikulapo Kuti and Afrika 70 Zombie
13%
#48: Thin Lizzy Bad Reputation
6%
#46: Gil Scott-Heron & Brian Jackson Bridges
6%
#36: The Damned Damned Damned Damned
6%
#24: Parliament Funkentelechy vs. the Placebo Syndrome
6%
#30: Muddy Waters Hard Again
6%
#20: The Congos Heart of the Congos
6%
#31: The Saints (I'm) Stranded
6%
#35: UFO Lights Out
6%
#32: Radio Birdman Radios Appear
6%
#45: Judas Priest Sin After Sin
6%
#23: Fẹla and Afrika 70 Sorrow Tears and Blood
6%
#29: Martha Argerich 24 Préludes, Op. 28; Préludes Nr. 25, Op. 45; Nr. 26, Op. Posth.
0%
#37: Jacques Brel Brel
0%
#34: Luciano Cilio Dialoghi del Presente
0%
#42: Al Di Meola Elegant Gypsy
0%
#50: Peter Tosh Equal Rights
0%
#39: Klaus Schulze Mirage
0%
#33: Peter Hammill Over
0%
#38: Goblin Suspiria
0%
#47: Keith Jarrett The Survivor's Suite
0%
#40: Culture Two Sevens Clash
0%
#43: Chicago Symphony Orchestra / Carlo Maria Giulini / Itzhak Perlman Violin Concerto
0%
No matching quizzes found
Score Distribution
Percent of People with Each Score
Percentile by Number Answered
Your Score History
You have not taken this quiz